| 000 | 00444 a2200157 4500 | ||
|---|---|---|---|
| 020 | _a8120320166 | ||
| 040 |
_aDLC _bDLC |
||
| 082 | 0 | 0 | _a658.15 |
| 100 | 1 | _aVan Horne, James C. | |
| 245 | 1 | 0 |
_aFundamentals of financial management _cJames C. Van Horne. |
| 250 | _a11th ed. | ||
| 260 |
_aNew Delhi : _bPrentice-Hall of India, _cc2001. |
||
| 300 |
_axxi, 743 p. : _bill. ; _c26 cm. |
||
| 650 | 0 |
_aCorporations _xFinance. |
|
| 942 |
_cBK _k658.15 HOR _2ddc |
||
| 999 |
_c4608 _d4608 |
||